|
|
|
|
| LEADER |
01082cam a2200301 7i4500 |
| 001 |
0000060648 |
| 005 |
20210805090000.0 |
| 020 |
|
|
|a 9781451184099 (electronic book)
|
| 090 |
0 |
0 |
|a RM170
|b .C68 2014
|
| 245 |
0 |
0 |
|a Core curriculum for infusion nursing
|c Infusion Nurses Society ; editors-in-chief, Mary Alexander ; editors, Ann Corrigan, Lisa A. Gorski, Lynn Phillips.
|
| 250 |
|
|
|a Fourth edition.
|
| 264 |
|
|
|a Philadelphia, PA:
|b Wolters Kluwer Health,
|c 2014.
|
| 300 |
|
|
|a 1 online resource (399 pages):
|b text file, PDF.
|
| 336 |
|
|
|a text
|2 rdacontent
|
| 337 |
|
|
|a computer
|2 rdamedia
|
| 338 |
|
|
|a online resource
|2 rdacarrier
|
| 650 |
|
0 |
|a Intravenous therapy
|
| 650 |
|
0 |
|a Nursing
|
| 655 |
|
0 |
|a Electronic books
|
| 700 |
1 |
|
|a Alexander, Mary
|
| 700 |
1 |
|
|a Corrigan, Ann
|
| 700 |
1 |
|
|a Gorski, Lisa A.
|
| 700 |
1 |
|
|a Phillips, Lynn Dianne
|
| 710 |
2 |
|
|a Infusion Nurses Society
|
| 856 |
4 |
2 |
|u http://library.unisel.edu.my/web/guest/mylibrary
|
| 997 |
|
|
|a Health Sciences, Faculty
|
| 998 |
|
|
|a Nursing, Diploma
|
| 999 |
|
|
|a EBO0006156
|b EBOOK
|c EBOOK
|e Electronic resources
|